| 000 | 00000nam 2200000za 4500 |
| 001 | 9.817000 |
| 003 | CaOODSP |
| 005 | 20221107142356 |
| 007 | cr ||||||||||| |
| 008 | 160506s2015 onc o f000 0 eng d |
| 020 | |z978-0-660-03865-0 |
| 040 | |aCaOODSP|beng |
| 043 | |an-cn--- |
| 086 | 1 |aPS64-130/2-2015E-PDF |
| 245 | 00|aSay something if you see something |h[electronic resource] : |bsexual exploitation is abuse and a crime : guide for hospitality industry employees. |
| 246 | 30|aSexual exploitation is abuse and a crime : guide for hospitality industry employees |
| 260 | |a[Ottawa] : |bRoyal Canadian Mounted Police : |bHalifax Police, |c[2015]. |
| 300 | |a[2] p. |
| 500 | |aIssued also in French under title: Say something if you see something : sexual exploitation is abuse and a crime : guide pour les employés des lieux d'hébergement. |
| 500 | |aThe catalogue number (PS64-130/2-2015E) and ISBN (978-0-660-03865-0) for the print edition have been copied in this electronic publication. |
| 530 | |aIssued also in printed form. |
| 692 | 07|2gccst|aHuman trafficking |
| 692 | 07|2gccst|aSexual offences |
| 692 | 07|2gccst|aHospitality industry |
| 692 | 07|2gccst|aWorkers |
| 692 | 07|2gccst|aBooklets |
| 710 | 1 |aHalifax (N.S.). |bPolice Dept. |
| 710 | 2 |aRoyal Canadian Mounted Police. |
| 775 | 08|tSay something if you see something |w(CaOODSP)9.817001 |
| 776 | 0#|tSexual exploitation is abuse and a crime |w(CaOODSP)9.806286 |
| 856 | 40|qPDF|s443 KB|uhttps://publications.gc.ca/collections/collection_2016/grc-rcmp/PS64-130-2-2015-eng.pdf |